000 00377nam a2200169Ia 4500
008 230524s9999 xx 000 0 und d
020 _a812191809X
082 _a539.7
_bRAJ
100 _aJ.B.Ram
245 0 _aAtomic Physics
250 _a19TH
260 _aNEW DELHI
_bS.Chand
_c2004
300 _a1279
500 _aQuantity Number: 2
650 _aPhysics
942 _cBK
999 _c4319
_d4319